000 00886nas a2200289 4500
001 BR0810428
003 BR-BrBNA
005 20231205113126.0
007 ta
008 230509b bl.|||p| |||| 00| 00por d
040 _aBR-BrBNA
_bpor
_cBiblioteca Nacional de Agricultura
041 _a(Pt)
072 _aK50
100 1 _aSilva, J. de C.
100 1 _aCastro, V.R.
245 1 _aMadeira de eucalipto como matéria-prima para indústria moveleira
650 _aINDÚSTRIA FLORESTAL
650 _aEUCALIPTO
650 _aMADEIRA
650 _aMADEIRA SERRADA
650 _aMATÉRIA PRIMA
650 _aFABRICAÇÃO
650 _aMÓVEL
773 0 _tInforme Agropecuário - Empresa de Pesquisa Agropecuária de Minas Gerais (Brazil)
_xISSN 0100-3364
_g(Jan-Feb 2008), v. 29(242) p. 86-97
_wBR0810428
909 _a202311
_bLúcia
_c55
_dLúcia Elande
942 _2AGRIS
_n0
_cANA
999 _c201987
_d201987